=LDR 00000nam 2200000 4500 =001 INLIS000000000025395 =005 20130612123917 =008 ***********************************Ind** =035 ##$$0010-061300000025395 =041 ##$$a Ind =082 ##$$a 2X2.6 =090 ##$$a 2X2.6, Rah t =100 ##$$a Rahimsyah =245 ##$$a 33 cerita islam untuk anak muslim, Rahimsyah =260 ##$$a 2007 $b Surabaya =300 ##$$a 48 hlm, 28 cm =650 ##$$a Cerita - cerita hadis =850 ##$$a NBPNMAT